000 00706nam a2200229 a 4500
001 21694
003 CO-ViMGA
008 141112s2004 ck r 000 u spa d
020 _a9500712423
040 _aCO-ViMGA
_bspa
_cCO-ViMGA
082 0 4 _aCh 863 S513n
100 1 _aSkármeta, Antonio
_919841
245 1 0 _aNo pasó nada
250 _a7
260 _aBuenos Aires :
_bSudAméricana,
_c2004
300 _a112
590 _aForma de adquisición : Donación fact. 8858 - - Precio : 20000 - - Proveedor : Fundación exito - - Fecha de adquisición : Junio 2007
650 1 4 _aCIUDADES - NOVELA
_930965
650 1 4 _aDICTADURA - CHILE - NOVELA
_930966
650 1 4 _aNOVELA CHILENA
942 _2ddc
_cBK
999 _c30257
_d30257